|
|
|
|
| LEADER |
00674cam a2200181 7i4500 |
| 001 |
0000039404 |
| 005 |
20110617090000.0 |
| 020 |
|
|
|a 9833776000 (pbk.)
|
| 020 |
|
|
|a 9789833776009
|
| 090 |
0 |
0 |
|a HF5549.5
|b .I22 2006
|
| 245 |
0 |
0 |
|a Industrial training practices in Malaysian undergraduates-engineering programme
|c series editor, Morshidi Sirat ; editor, Mohd. Ridzuan Nordin.
|
| 260 |
|
|
|a Pulau Pinang:
|b IPPTN,
|c 2006.
|
| 300 |
|
|
|a xv, 149 p.;
|c 30 cm.
|
| 490 |
1 |
|
|a Higher education research monograph;
|v 7/2006
|
| 650 |
0 |
0 |
|a Employees --
|x Training of
|
| 700 |
0 |
|
|a Morshidi Sirat
|
| 700 |
0 |
|
|a Mohd. Ridzuan Nordin
|
| 999 |
|
|
|a 0000034163
|b BOK
|c MALAYSIANA
|e Ground Floor, Bestari Jaya
|